| 000 | 00582nam a22001937a 4500 | ||
|---|---|---|---|
| 005 | 20251108165211.0 | ||
| 008 | 250721s1993 xx 000 0 ara d | ||
| 082 | 1 | 4 | _a910.9/ماك |
| 100 | 1 | _aماكنتوش، جوان | |
| 245 | 1 | 0 | _aإستكشاف العالم / |
| 264 | 1 |
_aعمان : _bدار العامر للترجمه و النشر و التوزيع، _c1993. |
|
| 300 | _a80ص | ||
| 650 | 1 | 7 | _aالجغرافيا |
| 650 | 1 | 7 | _aالسفر |
| 700 | 1 |
_aالصمادي، عامر _eترجمة |
|
| 700 | 1 | _aزياده، إيناس | |
| 942 |
_2ddc _cBK |
||
| 999 |
_c21960 _d21960 |
||